| 000 | 01075nam a22002657a 4500 | ||
|---|---|---|---|
| 003 | OSt | ||
| 005 | 20150810180035.0 | ||
| 008 | 141129b xxu||||| |||| 00| 0 eng d | ||
| 020 | _a978-607-32-2043-9 | ||
| 040 |
_aBP-BU _cBMC |
||
| 082 | _a658.04 | ||
| 100 | 1 |
_98408 _aRobbins, Stephen P. |
|
| 245 | 1 | 0 |
_aFundamentos de administración _b: conceptos esenciales y aplicaciones _cStephen P. Robbins, David A. De Cenzo, Mary Coulter ; traducción, Erika Montserrat Jasso Hernán d'Borneville ; revisión técnica, José Hugo Estrada Zárate, Axel Rodríguez Batres |
| 250 | _a8ª ed | ||
| 260 |
_aMéxico D.F. _bPearson Educación _c2013 |
||
| 300 |
_aXXI, 476 p. _bil. _c28 cm |
||
| 595 | _aTraducción de: Fundamentals of Management: Essential Concepts and Applications | ||
| 650 | 2 | 4 |
_93341 _aGestión de empresas |
| 700 | 1 |
_98483 _aDeCenzo, David A. |
|
| 700 | 1 |
_98410 _aCoulter, Mary |
|
| 700 | 1 |
_97474 _aJasso Hernand Borneville, Erika Montserrat |
|
| 700 | 1 |
_929179 _aEstrada Zarate, José Hugo |
|
| 700 | 1 |
_929180 _aRodríguez Batres, Axel |
|
| 942 |
_2ddc _cBK |
||
| 999 |
_c16295 _d16295 |
||